000 00250nam a2200097Ia 4500
082 _aMERM-PCRL-PEZL
245 0 _aThe Havana room
100 _a HARRISON, Colin London, 2009
_958067
942 _cBK
008 210817s9999 xx 000 0 und d
999 _c181792
_d181794